000 00823nam a2200253Ia 4500
003 OSt
005 20220923225357.0
006 a|||||r|||| 00| 0
007 ta
008 220922b |||||||| |||| 00| 0 hin d
024 _a264,812
037 _cTextual
040 _aARTS
_cARTS
_bhin
041 _2hin
_ahin
082 _aP158, N3
100 _aमिश्र, राधाकान्त
245 0 _aपूर्वी अपभ्रंश भाषा
246 _aPūrvī apabhransha bhāṣhā
260 _aवाराणसी
_b विश्वविद्यालय प्रकाशन
_c1993
300 _a192पृ.
_ccm.
650 _aहिन्दी भाषा
942 _hP158, N3
_cTEXL
_2CC
999 _c377892
_d377892